What is wrong with India (Record no. 358908)

000 -LEADER
fixed length control field 00403cam a22001337a 4500
008 - FIXED-LENGTH DATA ELEMENTS--GENERAL INFORMATION
fixed length control field 180718b1944 xxu||||| |||| 00| 0 eng d
082 ## - DEWEY DECIMAL CLASSIFICATION NUMBER
Classification number B19x54 B223w
100 ## - MAIN ENTRY--PERSONAL NAME
Personal name Banerji, Albion Raj Kumar
245 ## - TITLE STATEMENT
Title What is wrong with India
Statement of responsibility, etc. by Albion Raj Kumar Banerji
260 ## - PUBLICATION, DISTRIBUTION, ETC.
Place of publication, distribution, etc. Allahabad
Name of publisher, distributor, etc. Kitabistan
Date of publication, distribution, etc. 1944
300 ## - PHYSICAL DESCRIPTION
Extent 238p.
650 ## - SUBJECT ADDED ENTRY--TOPICAL TERM
Topical term or geographic name entry element India - Social Conditions.
650 ## - SUBJECT ADDED ENTRY--TOPICAL TERM
Topical term or geographic name entry element India - Economic Conditions
Holdings
Withdrawn status Lost status Damaged status Not for loan Permanent Location Current Location Date acquired Full call number Barcode Date last seen Price effective from Koha item type
        Indian Institute of Public Administration Indian Institute of Public Administration 1994-02-03 B19x54 B223w 10245 2018-07-21 2018-07-21 Book

Powered by Koha